Encyclopedia of railways
Zapisane w:
| Format: | Książka |
|---|---|
| Język: | Undetermined |
| Wydane: |
London
Octopus Books
1977
|
| Hasła przedmiotowe: | |
| Etykiety: |
Dodaj etykietę
Nie ma etykietki, Dołącz pierwszą etykiete!
|
| Thư viện lưu trữ: | Trung tâm Học liệu Trường Đại học Cần Thơ |
|---|
| LEADER | 00457nam a2200169Ia 4500 | ||
|---|---|---|---|
| 001 | CTU_104855 | ||
| 008 | 210402s9999 xx 000 0 und d | ||
| 082 | |a 385 | ||
| 082 | |b E56 | ||
| 245 | 0 | |a Encyclopedia of railways | |
| 245 | 0 | |c General editor O. S. Nock ; foreword by John Coiley | |
| 260 | |a London | ||
| 260 | |b Octopus Books | ||
| 260 | |c 1977 | ||
| 650 | |a Railroads | ||
| 904 | |i M.Loan | ||
| 980 | |a Trung tâm Học liệu Trường Đại học Cần Thơ | ||